| 000 | 03498nam a2200325 i 4500 | ||
|---|---|---|---|
| 005 | 20250329165423.0 | ||
| 007 | ta | ||
| 008 | 200622s2024 000 0 eng d | ||
| 040 |
_aCO-CtgCURN _bspa _ccoctgcurn _erda |
||
| 082 | 0 |
_aCOP 2024 _bN725 |
|
| 100 | 1 |
_aNisperuza Díaz, Milagro del Carmen, _eauthor. _4aut |
|
| 245 | 1 | 3 |
_aAuditora forense en entidades financieras : _buna herramienta eficaz en la detección de actividades ilegales o fraudulentas / _cMilagro del Carmen Nisperuza Díaz; Artemio Enrique Martínez Nobles; María Fernanda Gonzalez Aguilera; director: Alberto Gonzalez Manjarres . |
| 260 | _c2024. | ||
| 260 |
_aCartagena de Indias : _bCorporación Universitaria Rafael Núñez, _c2024. |
||
| 260 |
_aCartagena de Indias : _bCorporación Universitaria Rafael Núñez, _c2024. |
||
| 260 | _c2024. | ||
| 300 | _a37 hojas. | ||
| 336 |
_atext _btxt _2rdacontent |
||
| 337 |
_aunmediated _bn _2rdamedia |
||
| 338 |
_avolume _bnc _2rdacarrier |
||
| 502 | _aTrabajo de grado (Contador público). Corporación Universitaria Rafael Núñez. Facultad de Ciencias Administrativas y Contables. Programa de Contaduría Pública, 2024. | ||
| 520 | 8 | _a" La Auditoría Forense es una disciplina especializada de la contabilidad que se centra en la detección y prevención de actividades ilegales, fraudes y malversación de fondos en las entidades financieras. Su importancia radica en la necesidad de garantizar la integridad, transparencia y confianza en el sistema financiero. Colombia cuenta con un sistema financiero diversificado y en constante crecimiento, este se encuentra conformado por los bancos, las cooperativas, las entidades de ahorro y crédito, entre otros; los cuales desempeñan un papel fundamental en la economía del país. Día a día, gracias al desarrollo tecnológico, los servicios ofrecidos por estas entidades son más diversos, eficientes y expeditos; sin embargo, este crecimiento también ha dado lugar a un aumento en la sofisticación de las actividades fraudulentas, por lo que la auditoría forense ha pasado a ser una herramienta esencial para la estabilidad del orden económico y social, así como para el sistema financiero; pues permite detectar fraudes y actividades ilegales, la recopilación de pruebas que pueden ser tenidas como evidencia para respaldar cualquier acción legal futura, la prevención mediante la implementación de controles y procesos que reducen el riesgo de actividades fraudulentas, entre otras acciones que garantizan la estabilidad del sistema financiero y el orden económico y social. Entre las funciones de los auditores forenses destacan el análisis financiero mediante el examen detallado de los registros financieros, los cuales permiten identificar irregularidades y discrepancias; asi mismo, los auditores deben realizar entrevistas y tomar testimonios con el fin de obtener información relevante y evidencias que puedan ser vinculadas a los procesos judiciales que sean pertinentes." | |
| 650 | 0 |
_aContaduría pública _xTesis y disertaciones académicas. |
|
| 700 | 1 | _aMartínez Nobles, Artemio Enrique. | |
| 700 | 1 | _aGonzález Aguilera, María Fernanda. | |
| 700 | 1 |
_aGonzález Manjarres, Alberto, _casesor. |
|
| 856 | 7 |
_uhttps://unicurn.sharepoint.com/:b:/s/biblioteca/EUtWakcNty9OvL0BfNap3zoBTGIyd674iPAhxL1AzybJTA?e=NcfCDy _zClick para ver el recurso en texto completo |
|
| 942 |
_2ddc _aMHC _bMHC _cTG _hCOP 2024 _iN725 |
||
| 999 |
_c3399 _d3399 |
||